000 00603cam a2200217 4500500
005 20260405003645.0
041 _afre
042 _adc
100 1 0 _aDurand, Jean-Marie
_eauthor
245 0 0 _aLes Vies vides
260 _c2023.
500 _a53
690 _aAutrui
690 _aElsa Godart
690 _aPsychanalyse
690 _aReconnaissance
690 _aSolitude
690 _aVide
786 0 _nPhilosophie magazine | 167 | 2 | 2023-03-01 | p. 66-67 | 1951-1787
856 4 1 _uhttps://shs.cairn.info/magazine-philosophie-magazine-2023-2-page-66?lang=fr&redirect-ssocas=7080
999 _c2069672
_d2069672